BT kế toán tài chính

Gorde:
Xehetasun bibliografikoak
Egile nagusia: ĐH Kinh tế
Formatua: Liburua
Hizkuntza:Vietnamese
Argitaratua: TT&TTH 2009
Etiketak: Etiketa erantsi
Etiketarik gabe, Izan zaitez lehena erregistro honi etiketa jartzen!
Thư viện lưu trữ: Mạng thư viện Đại học Đà Nẵng
LEADER 00609nam a2200277 4500
001 000026700
003 760
005 20150325120000.0
008 150325s vm 000 vie
020 |c 0,0000 
040 |a NOTTS 
100 |a ĐH Kinh tế 
245 |a BT kế toán tài chính 
260 |b TT&TTH  |c 2009 
300 |a 112tr. ; 
OWN |a LTT 
999 |a From the UDN01 
TYP |a Monograph 
TYP |a Printed language 
980 |a Mạng thư viện Đại học Đà Nẵng